000 00921nam a2200277 i 4500
001 000039487
003 DO-SdBNP
005 20241120090854.0
007 ta
008 130703s2000 dr 000 0 spa d
040 _aDO-SdBNP
_bspa
_cBNPHU
_erda
082 _222
_axxx
_bL735r
100 _4aut.
_aLinares, Manuel
_953454
_eautor
245 1 3 _aEl reverso de la moneda :
_b1996-1998 : crisis externa y crecimiento de la pobreza /
_cManuel Linares.
264 1 _aSanto Domingo :
_bImpresos Computarizados,
_c2000.
300 _a97 páginas
_c22 cm.
336 _atexto
_btxt
_2rdacontent
337 _asin mediación
_bn
_2rdamedia
338 _avolumen
_bnc
_2rdacarrier
500 _aIncluye datos biográficos del autor en la contracubierta
500 _aIncluye notas al pie de las páginas.
504 _aBibliografía : p. 96-97
590 _aInventariado, 2024/ YL
910 _aYLockward
942 _2ddc
_cLBS1
999 _c38977
_d38977